000 01271nam a2200337 c 4500
999 _c19554
_d19554
003 BLK
005 20180420215457.0
008 180413b bul|||||r ||||||| ||bul||
010 _aKNG00021693000
020 _a954-8079-89-5
040 _aBLK
041 _aENG
_cENG
080 _aАнглийски език
_b811.111
_x(079)(075.9)
_z811.111(079)(075.9)
100 1 _aSharpe, Pamela
_eпърви автор
_9263897
139 _aSharpe, Pamela
_bS 53
245 1 0 _aPass key to the TOEFL
_cPamela Sharpe.
257 _aBGR
260 _bПрозорец
_c1998
_fПловдив : Полиграфия
300 _a431 с.
_bс табл.
_c21 см
380 _a80
500 _aАвт. отбелязана в библиогр. каре ; На кор. авт. означена Памела Шарп. - 520 тир.
650 4 _aАнглийски език - тестове - TOEFL
_9250729
653 _aTOEFL
653 _aанглийски език
653 _aтестове
852 _aЦб 195953
856 4 _qpdf
_u
856 4 _qpdf
_u
942 _cKNG
_n0
944 _aCR
_c15.01.2003
_kТеодора_Стоянова
944 _aED
_c20.12.2005
999 _d19554